[Event "Castellar op"]
[Site "?"]
[Date "1996.??.??"]
[Round "?"]
[White "Rohl, Juan"]
[Black "De la Riva Aguado, Oscar"]
[Result "1/2-1/2"]
[WhiteElo "2360"]
[BlackElo "2470"]

1.e4 c5 2.Nf3 Nc6 3.Nc3 e6 4.Bb5 Nd4 5.O-O Ne7 6.Nxd4 cxd4 7.Ne2 a6 8.Bd3 d5
9.exd5 Nxd5 10.c3 dxc3 11.dxc3 Be7 12.Qc2 h6 13.Rd1 Bd7 14.Nf4 Nxf4 15.Bxf4 Qc8
16.Qe2 O-O 17.Qe4 f5 18.Qe2 Re8 19.Bc4 Kh7 20.Be5 Bc6 21.Rd2 b5 22.Bb3 Bb7
23.Rad1 Qc6 24.f3 Rad8 25.Rxd8 Rxd8 26.Rxd8 Bxd8 27.Bd4 Bc8 28.Qe5 Bf6 29.Qe3 Bg5
30.Qe5 Bf6 31.Qe3 Bg5 32.Qe5  1/2-1/2

[Event "Catalunya-chT"]
[Site "Catalunya"]
[Date "1996.??.??"]
[Round "?"]
[White "Lacasa, JA."]
[Black "Bordell Rosell, Roman"]
[Result "1-0"]
[WhiteElo "2335"]
[BlackElo "2250"]

1.e4 c5 2.Nf3 Nc6 3.Nc3 e5 4.Bc4 d6 5.d3 h6 6.Nd2 Nf6 7.Nf1 Bg4 8.f3 Be6
9.Ne3 Nd4 10.a4 Be7 11.O-O g5 12.Ncd5 a6 13.c3 Nc6 14.Kh1 h5 15.Nc2 Rg8 16.d4 Na5
17.Nxf6+ Bxf6 18.Bxe6 fxe6 19.d5 Nb3 20.Rb1 Nxc1 21.Rxc1 Qd7 22.Ne3 O-O-O
23.Qb3 Rde8 24.Rcd1 Bd8 25.dxe6 Qxe6 26.Qc4 Bc7 27.b4 Qxc4 28.Nxc4 Re6 29.b5 Rf8
30.b6 Bb8 31.a5 Ref6 32.Ne3 Kd7 33.c4 Ke6 34.Kg1 Rf4 35.Nf5 R8xf5 36.exf5+ Kxf5
37.Rc1 Ke6 38.Rfd1 g4 39.Kf2 gxf3 40.gxf3 Rh4 41.Ke3 e4 42.Rc2 exf3 43.Kxf3 Rh3+
44.Kg2 Ra3 45.Re2+ Kd7 46.Rf1 Rxa5 47.Rf8 Ra4 48.Rxb8 Kc6 49.Re7 Kxb6 50.Rbxb7+ Ka5
51.Re2 Rxc4 52.Ra2+ Ra4 53.Rxa4+ Kxa4 54.Kf3 d5 55.Ke3 a5 56.Kd3 Ka3 57.Rb5 a4
58.Rxc5  1-0

[Event "CZE-chJ"]
[Site "Cesky Brod"]
[Date "1996.??.??"]
[Round "?"]
[White "Suran, Jan"]
[Black "Rehak, Martin"]
[Result "1/2-1/2"]
[WhiteElo "2300"]
[BlackElo "2220"]

1.e4 c5 2.Nf3 Nc6 3.Nc3 g6 4.Bb5 Bg7 5.Bxc6 bxc6 6.O-O c4 7.Re1 Nf6 8.b3 Ba6
9.Bb2 O-O 10.e5 Nd5 11.Nxd5 cxd5 12.Qe2 Re8 13.Bd4 Qc7 14.h4 Bc8 15.Qe3 a5
16.h5 Ra6 17.hxg6 Rxg6 18.Nh4 Rg4 19.Nf5 Qc6 20.e6 f6 21.f3 Rg5 22.exd7 Qxd7
23.Nxg7 Rxg7 24.Bxf6 Rg6 25.Bg5 e5  1/2-1/2

[Event "Ciego de Avila"]
[Site "Ciego de Avila"]
[Date "1996.??.??"]
[Round "5"]
[White "Ribeiro, Fernando"]
[Black "Lopez, C."]
[Result "1/2-1/2"]
[WhiteElo "2285"]
[BlackElo "2400"]

1.e4 c5 2.Nf3 Nc6 3.Nc3 g6 4.d4 cxd4 5.Nxd4 Bg7 6.Be3 Nf6 7.Nxc6 bxc6 8.e5 Nd5
9.Nxd5 cxd5 10.Qxd5 Rb8 11.Bxa7 Rxb2 12.Bd4 Rxc2 13.Bd3 e6 14.Qa8 Rc6 15.O-O O-O
16.Bb5 Ba6 17.Qxd8 Rxd8 18.Bxc6 Bxf1 19.Kxf1 dxc6 20.Bc3 Rd3 21.Rc1 Rd5 22.f4 g5
23.fxg5 Bxe5 24.Bxe5 Rxe5  1/2-1/2

[Event "Capablanca mem-A"]
[Site "Cienfuegos"]
[Date "1996.??.??"]
[Round "1"]
[White "Morovic Fernandez, Ivan"]
[Black "Gonzalez, Renier"]
[Result "1/2-1/2"]
[WhiteElo "2575"]
[BlackElo "2560"]

1.e4 c5 2.Nc3 Nc6 3.Nge2 e5 4.Nd5 d6 5.Nec3 Be6 6.Bc4 Be7 7.d3 Nf6 8.O-O O-O
9.f4 exf4 10.Bxf4 Nd7 11.Nxe7+ Qxe7 12.Nd5 Bxd5 13.Bxd5 Nb6 14.Bb3 Nd4 15.Qh5 Nxb3
16.axb3 Qe6 17.c4 f5 18.Qh3 Qg6 19.Qg3 Qxg3 20.Bxg3 fxe4 21.dxe4 Rxf1+ 22.Rxf1 Rd8
23.Rd1 Nc8 24.e5 Kf7 25.exd6 Ke6 26.b4 cxb4 27.c5 Kd7 28.Rf1 Ke6 29.Re1+ Kd7
30.Rf1 Ke6 31.Be1 b6 32.Bxb4 a5 33.Ba3 bxc5 34.Bxc5 Nxd6 35.Re1+ Kd7 36.Kf2 Kc6
37.Ba3 Nc4 38.Re7 Nxa3 39.bxa3 Rd7 40.Re5  1/2-1/2

[Event "Capablanca mem-A"]
[Site "Cienfuegos"]
[Date "1996.??.??"]
[Round "3"]
[White "Garcia, Gildardo"]
[Black "Gonzalez, Renier"]
[Result "1/2-1/2"]
[WhiteElo "2525"]
[BlackElo "2560"]

1.e4 c5 2.Nc3 Nc6 3.Nge2 e5 4.Nd5 d6 5.Nec3 Be6 6.Bc4 Be7 7.d3 Nf6 8.O-O O-O
9.a4 Nb4 10.Nxe7+ Qxe7 11.Bg5 h6 12.Bxf6 Qxf6 13.Qe2 Rad8 14.Rfe1 Rfe8 15.Nb5 Nc6
16.Nc7 Rf8 17.Nd5 Qg5 18.c3 Ne7 19.Ne3 d5 20.exd5 Nxd5 21.Nxd5 Bxd5 22.Bxd5 Rxd5
23.c4 Rd7 24.Qxe5 Rxd3 25.Qc7 Rb3 26.Re5  1/2-1/2

[Event "Capablanca mem-A"]
[Site "Cienfuegos"]
[Date "1996.??.??"]
[Round "10"]
[White "Garcia, Gildardo"]
[Black "Hernandez, Gilberto"]
[Result "1/2-1/2"]
[WhiteElo "2525"]
[BlackElo "2555"]

1.e4 c5 2.Nc3 Nc6 3.Nge2 Nd4 4.Nxd4 cxd4 5.Ne2 d5 6.e5 Qb6 7.c3 dxc3 8.Nxc3 d4
9.Bb5+ Kd8 10.O-O Nh6 11.Qa4 a6 12.Be2 dxc3 13.dxc3 Qc6 14.Qd4+ Qd7 15.Qb6+ Qc7
16.Rd1+ Bd7 17.Qb3 e6 18.Be3 Ke8 19.Rxd7 Qxd7 20.Rd1 Qc8 21.Bf3 Rb8 22.Ba7 Bc5
23.Bxb8 Qxb8 24.Bc6+ Kf8 25.Qxb7 Qxb7 26.Bxb7 Ke7 27.b4 Bb6 28.c4 Bc7 29.f4 a5
30.a3 f6 31.exf6+ gxf6 32.g3 axb4  1/2-1/2

[Event "Politiken Cup"]
[Site "Copenhagen"]
[Date "1996.??.??"]
[Round "3"]
[White "Tseshkovsky, Vitaly"]
[Black "Pyda, Zbigniew"]
[Result "1-0"]
[WhiteElo "2540"]
[BlackElo "2305"]

1.e4 c5 2.Nf3 Nc6 3.Nc3 Nf6 4.Bb5 g6 5.h3 d5 6.exd5 Nxd5 7.Ne4 Qb6 8.Bc4 Be6
9.O-O h6 10.Re1 O-O-O 11.d3 Bg7 12.Qe2 Kb8 13.Bd2 g5 14.Nc3 Nxc3 15.Bxc3 Bxc3
16.bxc3 Bxc4 17.dxc4 Rd6 18.Ne5 Nxe5 19.Qxe5 Rd8 20.Qxe7 Qc7 21.Qe4 Re6 22.Qf5 Qe7
23.Rxe6 Qxe6 24.Qxc5 Rc8 25.Qa3 Rxc4 26.Rd1 a6 27.Qb3 Qc6 28.Rd3 f5 29.Qa3 Ka7
30.Qc1 f4 31.Rd2 Qc5 32.Kh2 Qe5 33.f3 Qc5 34.Qe1 Ra4 35.Rd7 Rxa2 36.Qb1 Qb5
37.Rxb7+ Kxb7 38.Qxa2 a5 39.Qb3 Kb6 40.c4 Qb4 41.Qd3 a4 42.c3 Qa5 43.Qd6+ Kb7
44.c5 Qb5 45.Qd5+ Qc6 46.Qc4 Kc7 47.Qb4 Qa6 48.Qd4 a3 49.Qe5+ Kd7 50.Qd5+ Ke7
51.c6 a2 52.Qd7+ Kf6 53.c7 a1=Q 54.c8=Q Qxc8 55.Qxc8 Qe1 56.Qd8+ Kf5 57.Qd5+ Kf6
58.Qd4+ Ke6 59.c4 Qg3+ 60.Kh1 Qe1+ 61.Qg1 Qc3 62.Qb6+ Kd7 63.Qb7+ Kd6 64.Qd5+ Kc7
65.Qe4 Qf6 66.Kh2 Qd6 67.c5 Qxc5 68.Qh7+ Kd8 69.Qxh6 Qf5 70.Qh5 Qf6 71.h4 gxh4
72.Kh3 Qe6+ 73.Kxh4 Qe1+ 74.Kg5 Qd2 75.Qg4 Ke7 76.Kf5 Kd7 77.Ke5+ Kc7 78.Qg7+ Kc6
79.Qf6+ Kb5 80.Qg5 Kc6 81.Ke4 Qe3+ 82.Kf5 Qd2 83.g3 Qf2 84.Qxf4 Kd7 85.Kg5 Ke7
86.Qf6+ Ke8 87.g4 Qe3+ 88.f4  1-0

[Event "CZE-chT 9596"]
[Site "?"]
[Date "1996.??.??"]
[Round "1"]
[White "Berzinsh, Roland"]
[Black "Znamenacek, Kvetoslav"]
[Result "1-0"]
[WhiteElo "2440"]
[BlackElo "2315"]

1.e4 c5 2.Nc3 Nc6 3.Nge2 g6 4.d4 cxd4 5.Nxd4 Bg7 6.Be3 Nf6 7.Bc4 O-O 8.Bb3 a5
9.f3 d6 10.a4 Nxd4 11.Bxd4 Be6 12.Nd5 Bxd5 13.exd5 Nd7 14.Bxg7 Kxg7 15.Qd4+ f6
16.h4 Qb6 17.Qxb6 Nxb6 18.h5 Rac8 19.O-O-O Rc7 20.Rd4 Rh8 21.c3 Nd7 22.Bc2 Rhc8
23.hxg6 hxg6 24.Re4 Nf8 25.Rhe1 Kf7 26.g4 b6 27.Bd3 Ra8 28.f4 Raa7 29.Bb5 Rc8
30.Kd2 f5 31.gxf5 gxf5 32.R4e3 Ng6 33.Rf1 Rh8 34.Bd3 Rh2+ 35.Kc1 Nh4 36.Re6 Rc7
37.Rh6 Kg7 38.Rh5 Kg6 39.Rh8 Kg7 40.Rh5 Kg6 41.Rg5+ Kf6 42.Re1 Rf2 43.Re6+ Kf7
44.Be2 Rg2 45.Rh5 Ng6 46.Rxf5+ Kg7 47.Bh5 Nh4 48.Rf7+ Kg8 49.Rexe7 Rxe7 50.Rxe7 Rf2
51.Re6 Rxf4 52.Rxd6 Rxa4 53.Rxb6 Nf5 54.Rg6+ Kh7 55.d6 Ra1+ 56.Kd2 Ra2 57.Kc2 Ne3+
58.Kb1  1-0

[Event "CZE-chT 9596"]
[Site "?"]
[Date "1996.??.??"]
[Round "1"]
[White "Keitlinghaus, Ludger"]
[Black "Vavra, Pavel"]
[Result "1/2-1/2"]
[WhiteElo "2475"]
[BlackElo "2350"]

1.e4 c5 2.Nc3 Nc6 3.Bb5 Nf6 4.Bxc6 dxc6 5.d3 g6 6.Be3 b6 7.h3 Bg7 8.Qd2 O-O
9.Bh6 a5 10.Bxg7 Kxg7 11.f4 Ba6 12.Nf3 c4 13.dxc4 Bxc4 14.Qxd8 Raxd8 15.Ne5 Ba6
16.Nxc6 Rd6 17.Ne5 Nh5 18.Nf3 Nxf4 19.Kf2 b5 20.a3 Rc8 21.Kg3 Nh5+ 22.Kh2 Bb7
23.Rhc1 b4 24.axb4 axb4 25.Ra7 bxc3 26.Rxb7 cxb2 27.Rxb2 Rdc6 28.Rb7 Rxc2
29.Rxc2 Rxc2 30.Rxe7 Nf4 31.Kg3 Nh5+ 32.Kh2 Nf4 33.Kg3  1/2-1/2

[Event "CZE-chT2c 9596"]
[Site "CZE"]
[Date "1996.??.??"]
[Round "1"]
[White "Talla, Vladimir"]
[Black "Pisk, Petr"]
[Result "1/2-1/2"]
[WhiteElo "2240"]
[BlackElo "2290"]

1.e4 c5 2.Nf3 Nc6 3.Nc3 d6 4.d4 cxd4 5.Nxd4 Nf6 6.Bc4 Qb6 7.Nb3 e6 8.O-O a6
9.Bf4 Qc7 10.Be2 Be7 11.Qd3 b5 12.a3 O-O 13.Qg3 Re8 14.Rad1 Ne5 15.Bh6  1/2-1/2

[Event "CZE-chT2c 9596"]
[Site "CZE"]
[Date "1996.??.??"]
[Round "6"]
[White "Pastircak, Milan"]
[Black "Mudrak, Josef"]
[Result "1-0"]
[WhiteElo "2385"]
[BlackElo "2315"]

1.e4 c5 2.Nc3 Nc6 3.Bb5 g6 4.Bxc6 dxc6 5.d3 Bg7 6.Be3 b6 7.Qd2 h5 8.h3 e5
9.Nge2 Be6 10.f4 Qd6 11.O-O-O f6 12.g4 O-O-O 13.f5 gxf5 14.gxf5 Bf7 15.Kb1 Bf8
16.Nc1 Ne7 17.Na4 Kb7 18.Rhg1 Nc8 19.Qf2 Qc7 20.Qh4 Rd6 21.c4 Qd8 22.Kc2 Ka8
23.Nb3 Be7 24.Nc3 Qf8 25.a4 Rd7 26.Qf2 a5 27.Rg2 Nd6 28.Ra1 Ne8 29.Qg3 Nc7
30.Qg7 Qe8 31.Rag1 Na6 32.Na2 Bd8 33.Qg3 b5 34.Nxc5 Nxc5 35.Bxc5 bxc4 36.dxc4 Bxc4
37.Nc1 Qf7 38.Qc3 Ba6 39.Qb3 Qxb3+ 40.Kxb3 Bb6 41.Bxb6 Rb8 42.Rg8 Rb7 43.Rxb8+ Rxb8
44.Kc3 Rxb6 45.Rg8+ Ka7 46.Rg7+ Ka8 47.Nb3 Rb4 48.Nxa5 Rxe4 49.b4 Bf1 50.Rc7 Kb8
51.Rxc6 Re3+ 52.Kd2 Rd3+ 53.Ke1 Bxh3 54.Rxf6 e4 55.b5 Rd5 56.Rb6+ Kc7 57.Rb7+ Kd8
58.f6 Ke8 59.Nc4 Kf8 60.b6 Bg4 61.Rg7  1-0

[Event "Decin op"]
[Site "Decin"]
[Date "1996.??.??"]
[Round "9"]
[White "Cherevatenko, Roman"]
[Black "Moroz, Alexander"]
[Result "0-1"]
[WhiteElo "2415"]
[BlackElo "2500"]

1.e4 c5 2.Nf3 Nc6 3.Nc3 e5 4.Bc4 Be7 5.d3 Nf6 6.Nd2 d6 7.Nf1 O-O 8.Ne3 a6
9.Ncd5 Rb8 10.c3 Nxd5 11.Bxd5 Bg5 12.O-O Ne7 13.Bb3 Ng6 14.d4 cxd4 15.cxd4 Bd7
16.dxe5 dxe5 17.Nd5 Be6 18.Qh5 Bxc1 19.Raxc1 Bxd5 20.Bxd5 Nf4 21.Qf3 Qb6
22.Bb3 Rbd8 23.Rcd1 Qb5 24.Rxd8 Rxd8 25.g3 Qe2 26.Qxe2 Nxe2+ 27.Kg2 Rd2 28.Rd1 Rxd1
29.Bxd1 Nd4 30.f4 f6 31.Kf2 Kf7 32.Bg4 a5 33.Bc8 b5 34.Ke3 Ke7 35.Bg4 Kd6
36.Kd3 Kc5 37.Bd1 h6 38.h4 Nc6 39.a3 Nd4 40.fxe5 fxe5 41.Kc3 b4+ 42.axb4+ axb4+
43.Kd3 Nb5 44.Bb3 Nd6 45.Be6 Ne8 46.Bg4 Nf6 47.Be2 b3 48.Bd1 Kb4 49.Ke3 Ne8
50.Bg4 Nc7 51.Bh5 Na8 52.Kf3 Nb6 53.Kg4 Nc4 54.Bf7 Nxb2 55.Bxb3 Kxb3 56.Kf5 Nd3
57.Kg6 Kc3 58.Kxg7 h5 59.Kg6 Nf2 60.Kf5 Nxe4 61.g4 Nc5 62.Kg6 e4  0-1

[Event "DEN-ch"]
[Site "?"]
[Date "1996.??.??"]
[Round "2"]
[White "Borge, Nikolaj"]
[Black "Schandorff, Lars"]
[Result "0-1"]
[WhiteElo "2455"]
[BlackElo "2485"]

1.e4 c5 2.Nc3 Nc6 3.Nge2 Nf6 4.d4 cxd4 5.Nxd4 e5 6.Ndb5 d6 7.Bg5 a6 8.Na3 b5
9.Bxf6 gxf6 10.Nd5 Bg7 11.Bd3 Ne7 12.Nxe7 Qxe7 13.c3 f5 14.O-O O-O 15.Nc2 Bb7
16.exf5 d5 17.Re1 Qg5 18.Re3 e4 19.Bf1 Qxf5 20.a4 bxa4 21.Rxa4 Qe5 22.Qa1 Qd6
23.Re1 Be5 24.h3 Kh8 25.Qa3 Qf6 26.Ne3 Bd6 27.Qa2 Rg8 28.Ra5 Qe5 29.Bxa6 Bc7
30.Ra3 Bc6 31.Nf1 Rxg2+ 32.Kxg2 Rg8+ 33.Ng3 Rxg3+ 34.Kf1 Rxh3 35.c4 Rh1+
36.Ke2 Qh5+ 37.Kd2 Bf4+ 38.Rae3 d4 39.Qa3 dxe3+ 40.Kc2 Kg7 41.Rxh1 Qxh1 42.fxe3 Qg2+  0-1

[Event "Dresden (Women)"]
[Site "Dresden"]
[Date "1996.??.??"]
[Round "?"]
[White "Schaefer, Anke"]
[Black "Nikolin, Zorica"]
[Result "0-1"]
[WhiteElo "2155"]
[BlackElo "2200"]

1.e4 c5 2.Nc3 Nc6 3.Nge2 g6 4.d4 cxd4 5.Nxd4 Bg7 6.Be3 d6 7.Qd2 Nf6 8.f3 O-O
9.O-O-O Nxd4 10.Bxd4 Be6 11.Kb1 a6 12.g4 b5 13.g5 Nh5 14.Bxg7 Nxg7 15.Ne2 Qc7
16.Nd4 Qc5 17.h4 b4 18.f4 Bg4 19.Be2 Bxe2 20.Qxe2 e5 21.Nb3 Qb6 22.Qg4 Nh5
23.f5 Rfc8 24.Rd2 a5 25.fxg6 hxg6 26.Qd1 Rc6 27.Nc1 Rac8 28.Ne2 Qe3 29.Re1 Qh3
30.Rh1 Qg4 31.Nc3 Qxd1+ 32.Nxd1 Ng3 33.Re1 Rc4 34.Nf2 Kf8 35.b3 R4c6 36.Rg1 Nh5
37.Rc1 Nf4 38.Nd3 Ne6 39.Rf1 Nd4 40.Ne1 R8c7 41.Rff2 Nb5 42.Rf3 Nc3+ 43.Kb2 Nxe4
44.Rd5 Rc5 45.Rxc5 Nxc5 46.c4 bxc3+ 47.Rxc3 Rb7 48.Rc4 Ke7 49.Kc3 Rc7 50.Kd2 d5
51.Rc2 Ne4+ 52.Ke3 Rxc2 53.Nxc2 Nc5 54.b4 axb4 55.Nxb4 d4+ 56.Kf3 Kd6 57.a3 Ke6
58.Nc6 e4+ 59.Kf4 Kd5 60.Nd8 Nd3+ 61.Kg3 Ne5 62.Nb7 e3 63.a4 d3  0-1

[Event "RUS-ch U20"]
[Site "Ekaterinburg"]
[Date "1996.??.??"]
[Round "10"]
[White "Lastin, Alexander"]
[Black "Shariyazdanov, Andrey"]
[Result "0-1"]
[WhiteElo "2480"]
[BlackElo "2480"]

1.e4 c5 2.Nc3 Nc6 3.Nge2 Nf6 4.d4 cxd4 5.Nxd4 e5 6.Ndb5 d6 7.Bg5 a6 8.Na3 b5
9.Bxf6 gxf6 10.Nd5 f5 11.Bd3 Be6 12.Qh5 Bg7 13.O-O f4 14.c4 bxc4 15.Bxc4 O-O
16.Rac1 Rb8 17.b3 Qd7 18.Rc3 Nd4 19.Nc2 Nxc2 20.Rxc2 Kh8 21.Bxa6 f5 22.Bd3 Bxd5
23.exd5 e4 24.Ba6 Bd4 25.Rfc1 Bc5 26.Kh1 Qg7 27.Qh3 Rg8 28.Rd1 Rbf8 29.Qc3 Qxc3
30.Rxc3 Ra8 31.b4 Bxb4 32.Rc6 Bc5 33.Rb1 Bxf2 34.Rxd6 f3 35.gxf3 exf3 36.Rc6 Be3
37.h4 f2 38.Kh2 Rg1 39.Rb4 Rxa6  0-1

[Event "RUS-ch"]
[Site "Elista"]
[Date "1996.??.??"]
[Round "5"]
[White "Balashov, Yuri S"]
[Black "Nevostrujev, Vladimir"]
[Result "1/2-1/2"]
[WhiteElo "2530"]
[BlackElo "2405"]

1.e4 c5 2.Nc3 Nc6 3.Bb5 Nd4 4.Nf3 Nxb5 5.Nxb5 d6 6.d4 Nf6 7.O-O Nxe4 8.Qe2 a6
9.Qxe4 axb5 10.dxc5 dxc5 11.b3 Qb6 12.Bb2 f6 13.Rfe1 e6 14.Qg4 Qc7 15.Nh4 Kf7
16.a3 g6 17.Rad1 Bg7 18.Qe2 Qc6 19.Nf3 e5 20.Rd2 Bh6 21.Rdd1 Re8 22.Nd2 b6
23.Ne4 Re6 24.Qf3 Kg7 25.Qd3 Ra7 26.Qd8 Rd7 27.Rxd7+ Qxd7 28.Rd1 Qxd8 29.Rxd8 Rc6
30.Nd6 Bf5 31.Nxf5+ gxf5 32.c4 bxc4 33.bxc4 Kf7 34.Kf1 Bf8 35.Ke2 Be7 36.Rb8 f4
37.f3 Rd6 38.Bc3 Bd8 39.Ra8 Be7 40.a4 Bd8 41.Ra7+ Kg6 42.g3 fxg3 43.hxg3 h5
44.Ke3  1/2-1/2

[Event "RUS-ch"]
[Site "Elista"]
[Date "1996.??.??"]
[Round "7"]
[White "Sokolov, Andrei"]
[Black "Yakovich, Yuri"]
[Result "1/2-1/2"]
[WhiteElo "2585"]
[BlackElo "2530"]

1.e4 c5 2.Nf3 Nc6 3.Nc3 e6 4.Bb5 Nd4 5.O-O a6 6.Bd3 Ne7 7.Nxd4 cxd4 8.Ne2 d5
9.exd5 Qxd5 10.c3 Nc6  1/2-1/2

[Event "RUS-ch"]
[Site "Elista"]
[Date "1996.??.??"]
[Round "9"]
[White "Lastin, Alexander"]
[Black "Pigusov, Evgeny"]
[Result "1-0"]
[WhiteElo "2495"]
[BlackElo "2570"]

1.e4 c5 2.Nc3 Nc6 3.Nge2 g6 4.d4 cxd4 5.Nxd4 Bg7 6.Nb3 Nf6 7.Be2 d6 8.O-O O-O
9.Re1 a6 10.Bf1 b5 11.Bg5 h6 12.Bh4 Nd7 13.Rb1 Bb7 14.Nd5 Rc8 15.f4 Re8 16.c3 Nb6
17.Qd2 Nxd5 18.exd5 Nb8 19.Be2 Nd7 20.Bf3 Bf6 21.Bf2 Nb6 22.Re2 Nc4 23.Qd3 Rc7
24.h4 Qd7 25.Nd4 Kh8 26.Rbe1 Rg8 27.g4 g5 28.hxg5 hxg5 29.Nf5 gxf4 30.Bd4 Rg6
31.Rxe7  1-0

[Event "EST-ch"]
[Site "?"]
[Date "1996.??.??"]
[Round "1"]
[White "Zavoronkov, Vladimir"]
[Black "Cheutshenko, Robert"]
[Result "1/2-1/2"]
[WhiteElo "2240"]
[BlackElo "2360"]

1.e4 c5 2.Nf3 Nc6 3.Nc3 Nf6 4.e5 Ng4 5.Qe2 Qc7 6.d4 cxd4 7.Nb5 Qb6 8.Bf4 f6
9.O-O-O Ngxe5 10.Bg3 d6 11.Nfxd4 a6 12.Nc3 Qa7 13.Nxc6 bxc6 14.Bxe5 fxe5
15.f4 exf4 16.Rxd6 g6 17.Rxc6 Bh6 18.Kb1 Qe3 19.Nd5 Qxe2 20.Bxe2 Bb7 21.Nc7+ Kf8
22.Rb6 Bxg2 23.Rg1 Be4 24.Nxa8 Bxa8 25.Rxa6 Kg7 26.Re6 f3 27.Bc4 Bf4 28.Rxe7+ Kh6
29.Rf7 Be5 30.c3 Rd8 31.Kc1 Re8 32.Kd2 Rd8+ 33.Ke3 Rb8 34.Bb3 Bd6 35.Kd4 Rd8
36.Rf1 Ba3+ 37.Ke3 Bxb2 38.Rc7 Ba3 39.Rd1 Re8+ 40.Kf2 Re2+ 41.Kf1 Rxh2 42.Rdd7 Rh1+
43.Kf2 Rh2+ 44.Kf1 Rh1+ 45.Kf2 Rh2+  1/2-1/2

[Event "Eupen op"]
[Site "Eupen"]
[Date "1996.??.??"]
[Round "?"]
[White "Kovalev, Andrei"]
[Black "Christiansen, Larry Mark"]
[Result "1/2-1/2"]
[WhiteElo "2495"]
[BlackElo "2580"]

1.e4 c5 2.Nf3 Nc6 3.Nc3 e5 4.Bc4 d6 5.d3 Be7 6.O-O Nf6 7.Ng5 O-O 8.f4 exf4
9.Bxf4 Na5 10.Qd2 Nxc4 11.dxc4 h6 12.Nf3 Re8 13.Rad1 Bg4 14.h3 Bh5 15.Bxd6 Bxd6
16.Qxd6 Qxd6 17.Rxd6 Nxe4 18.Nxe4 Rxe4 19.Rd7 f6 20.Rxb7  1/2-1/2

[Event "FIN-chT 9697 Division-C"]
[Site "FIN"]
[Date "1996.??.??"]
[Round "1.1"]
[White "Nokka, Risto"]
[Black "Kiik, Kalle"]
[Result "0-1"]
[WhiteElo "2280"]
[BlackElo "2385"]

1.e4 c5 2.Nf3 Nc6 3.Nc3 e6 4.g3 d6 5.Bg2 Nf6 6.O-O Be7 7.d4 cxd4 8.Nxd4 Bd7
9.Nde2 a6 10.a4 Qc7 11.b3 O-O 12.Qd2 Rab8 13.Bb2 b5 14.axb5 axb5 15.Rfd1 Rfc8
16.Rac1 b4 17.Na4 Na5 18.Bxf6 Bxf6 19.Qxd6 Bxa4 20.Qxc7 Rxc7 21.bxa4 Bb2
22.Rb1 Rxc2 23.e5 Rxe2 24.Bf1 Rc2  0-1

[Event "FIN-chT 9596"]
[Site "FIN"]
[Date "1996.??.??"]
[Round "5"]
[White "Maki, Veijo"]
[Black "Liiva, Riho"]
[Result "1-0"]
[WhiteElo "2420"]
[BlackElo "2425"]

1.e4 c5 2.Nc3 Nc6 3.Nge2 e5 4.Nd5 Nge7 5.Nec3 Nxd5 6.Nxd5 d6 7.Bc4 Be7 8.d3 O-O
9.O-O Bg5 10.f4 exf4 11.Bxf4 Ne5 12.Bb3 Be6 13.a4 Bxf4 14.Rxf4 Qg5 15.Qf1 Rac8
16.Qf2 b6 17.Rf1 Ng6 18.Rf3 h5 19.Ne3 h4 20.Nf5 Rcd8 21.Bd5 Bxd5 22.exd5 Rfe8
23.Rh3 Re5 24.Nxh4 Qf6 25.Qxf6 gxf6 26.Nxg6 fxg6 27.Rxf6 Kg7 28.Re6 Rxd5
29.Re7+ Kf6 30.Rxa7 Re8 31.Rf3+ Kg5 32.Raf7 Rde5 33.g3 Re2 34.Rf2 Re1+ 35.Rf1 R1e2
36.R7f2 R2e3 37.Kg2 R8e6 38.Rf7 Kh6 39.Rb7 d5 40.Rbf7 Kg5 41.Rd7 Re2+ 42.Rf2 d4
43.b4 R2e5 44.h4+ Kh6 45.Rff7 g5 46.Rh7+ Kg6 47.Rdg7+  1-0

[Event "FIN-chT 9596"]
[Site "FIN"]
[Date "1996.??.??"]
[Round "6"]
[White "Raaste, Eero J"]
[Black "Natri, Antero"]
[Result "1-0"]
[WhiteElo "2355"]
[BlackElo "2215"]

1.e4 c5 2.Nc3 Nc6 3.Nge2 g6 4.d4 cxd4 5.Nxd4 Bg7 6.Be3 Nf6 7.Bc4 O-O 8.Bb3 a5
9.a3 a4 10.Ba2 Qa5 11.O-O d6 12.h3 Bd7 13.f4 Qb6 14.Qd3 Qa5 15.Ndb5 Rac8
16.Rf2 Be6 17.Nd5 Nd7 18.c4 Nc5 19.Qe2 Rfe8 20.Bd2 Qd8 21.Bc3 f5 22.Bxg7 Kxg7
23.exf5 Bxf5 24.Rd1 Ne4 25.Rf3 Nf6 26.Re3 h5 27.Nxf6 Kxf6 28.c5 Qd7 29.cxd6 e5
30.Re1 e4 31.Qd1 Rcd8 32.Qxa4 Ra8 33.Qb3 Kg7 34.Nc7 Rac8 35.Nxe8+ Rxe8 36.Rd1 Be6
37.Qc3+ Kh7 38.Bb1 Bf5  1-0

[Event "FIN-chT 9596"]
[Site "FIN"]
[Date "1996.??.??"]
[Round "8"]
[White "Raaste, Eero J"]
[Black "Paavilainen, Jorma"]
[Result "1-0"]
[WhiteElo "2355"]
[BlackElo "2335"]

1.e4 c5 2.Nc3 Nc6 3.Nge2 Nf6 4.d4 cxd4 5.Nxd4 d6 6.Bc4 e6 7.Be3 a6 8.Qe2 Qc7
9.O-O-O Na5 10.Bb3 b5 11.f3 Be7 12.g4 O-O 13.Kb1 Nxb3 14.cxb3 Bb7 15.Rc1 Qa5
16.g5 Nh5 17.Rhg1 g6 18.Qd2 Qd8 19.a3 Qd7 20.b4 Rac8 21.Nb3 Qe8 22.Na5 Ba8
23.Ne2 f6 24.gxf6 Nxf6 25.Bh6 Rf7 26.Rxc8 Qxc8 27.Rc1 Qe8 28.Nf4 Nd7 29.Qc3 Bf8
30.Qc8 Nf6 31.Bxf8 Rxf8 32.Qxe6+ Kg7 33.Rc7+ Kh6 34.Qh3+ Nh5 35.Nxh5 gxh5
36.Ka1 Qg6 37.Nc6 Qg1+ 38.Ka2 Qg8+ 39.b3  1-0

[Event "FIN-chT 9596"]
[Site "FIN"]
[Date "1996.??.??"]
[Round "9"]
[White "Hartikainen, Markku"]
[Black "Nokso Koivisto, Antti"]
[Result "1/2-1/2"]
[WhiteElo "2290"]
[BlackElo "2240"]

1.e4 c5 2.Nf3 Nc6 3.Nc3 e5 4.Bc4 d6 5.d3 Be7 6.Nd2 Nf6 7.Nf1 O-O 8.a3 Be6
9.Ne3 a6 10.O-O b5 11.Bd5 Rc8 12.f4 exf4 13.Rxf4 Ne5 14.Bb7 Rb8 15.Bxa6 Qa5
16.Bxb5 Rxb5 17.Nxb5 Qxb5 18.Nf5 Bxf5 19.Rxf5 Qb6 20.Kh1 Nfd7 21.b3  1/2-1/2

[Event "FRA-ch"]
[Site "France"]
[Date "1996.??.??"]
[Round "4"]
[White "Lepelletier, Benoit"]
[Black "Santo Roman, Marc"]
[Result "1-0"]
[WhiteElo "2460"]
[BlackElo "2385"]

1.e4 c5 2.Ne2 Nc6 3.Nbc3 d6 4.g3 g6 5.Bg2 Bg7 6.O-O e6 7.d3 Nge7 8.Be3 Nd4
9.Qd2 O-O 10.Nd1 b6 11.f4 Bb7 12.c3 Nxe2+ 13.Qxe2 Qd7 14.Nf2 f5 15.Rfe1 Rfe8
16.d4 c4 17.Rad1 d5 18.exf5 exf5 19.Bc1 Rad8 20.b3 Nc8 21.Qc2 Rxe1+ 22.Rxe1 Nd6
23.Ba3 Nb5 24.Re7 Qc8 25.Bb2 Bf6 26.Rxb7 Qxb7 27.bxc4 Nc7 28.Nd3 Kg7 29.Nb4 a5
30.Nxd5 Nxd5 31.Bxd5 Qe7 32.Kg2 Re8 33.Bf3 Qe1 34.Bc1 h5 35.h4 Be7 36.Bd2 Qa1
37.Qb3 Bf8 38.Qc2 Ba3 39.Qb3 Qb2 40.Qxb2 Bxb2 41.c5 bxc5 42.dxc5 Ba3 43.c6 Bd6
44.c4 Bc7 45.Bc3+ Kf8 46.Bd4 Re1 47.Kf2 Rc1 48.Bd5 Rc2+ 49.Ke3 Rxa2 50.Be5 Bxe5
51.fxe5 Ke7 52.e6 Kd8 53.Kf4 Re2 54.Kg5 f4 55.gxf4 Rf2 56.Kf6 Rxf4+ 57.Ke5 Rf5+
58.Kd6 Rf6 59.c7+ Kc8 60.Bc6 Rxe6+ 61.Kxe6 Kxc7 62.Be8 g5 63.hxg5 h4 64.g6 h3
65.g7 h2 66.Bc6  1-0

[Event "FRA-ch"]
[Site "France"]
[Date "1996.??.??"]
[Round "12"]
[White "Lepelletier, Benoit"]
[Black "Degraeve, Jean Marc"]
[Result "1/2-1/2"]
[WhiteElo "2460"]
[BlackElo "2515"]

1.e4 c5 2.Nc3 Nc6 3.Nge2 e6 4.g3 d5 5.exd5 exd5 6.Bg2 Nf6 7.d4 cxd4 8.Nxd4 Be7
9.O-O Bg4 10.Qd3 Qd7 11.Re1 O-O 12.h3 Bh5 13.Nxc6 bxc6 14.Be3 Bg6 15.Qd2 Rfe8
16.Bd4 Qf5 17.Re2  1/2-1/2

[Event "Frydek-Mistek (Women)"]
[Site "Frydek-Mistek"]
[Date "1996.??.??"]
[Round "2"]
[White "Jackova, Jana"]
[Black "Ciuksyte, Dagne"]
[Result "0-1"]
[WhiteElo "2210"]
[BlackElo "2245"]

1.e4 c5 2.Nf3 Nc6 3.Nc3 g6 4.Bc4 Bg7 5.O-O e6 6.d3 Nge7 7.Bf4 d5 8.exd5 exd5
9.Bb3 O-O 10.Re1 a6 11.a4 Bg4 12.h3 Bxf3 13.Qxf3 Nd4 14.Qg4 h5 15.Qd1 Nxb3
16.cxb3 Nc6 17.Rc1 Qd7 18.a5 Qf5 19.Bd6 Bd4 20.Qd2 Rfd8 21.Bc7 Rd7 22.Bb6 Nb4
23.Red1 Re8 24.Re1 Rxe1+ 25.Rxe1 Nxd3 26.Re8+ Kh7 27.Nd1 Nf4 28.Kh1 Qg5 29.g3 Nxh3
30.Qxg5 Nxg5 31.b4 Ne6 32.Kg2 Kg7 33.f4 Kf6 34.bxc5 Nxc5 35.b4 Nb3 36.Bxd4+ Nxd4
37.Nf2 Ne6 38.Nd3 Rd8 39.Rxd8 Nxd8 40.Nc5 Nc6 41.Nxb7 Nxb4 42.Kf3 Kf5 43.Nc5 Nc6
44.Nxa6 Nxa5 45.Nb4 d4 46.Nd3 Nc4 47.Nf2 Nd2+ 48.Kg2 f6 49.Kh3 Ne4 50.Nd3 Nc3
51.Nc5 Ne2 52.Kg2 h4 53.Kf3 Nxg3 54.Nb3 Ke6 55.Nxd4+ Kd5 56.Nc2 Nf5 57.Nb4+ Kc4
58.Na6 h3 59.Nc7 g5 60.fxg5 fxg5 61.Kf2 g4 62.Ne6 g3+ 63.Kg1 h2+ 64.Kh1 Ne3
65.Nf4 Nd1  0-1

[Event "Troll Masters"]
[Site "Gausdal"]
[Date "1996.??.??"]
[Round "4"]
[White "Emms, John M"]
[Black "Berg, Anders Hoyer"]
[Result "1-0"]
[WhiteElo "2500"]
[BlackElo "2045"]

1.e4 c5 2.Nc3 Nc6 3.Nf3 g6 4.d4 cxd4 5.Nxd4 Bg7 6.Be3 Nf6 7.Bc4 O-O 8.Bb3 Ng4
9.Qxg4 Nxd4 10.Qd1 Nxb3 11.axb3 b6 12.Bd4 Bb7 13.Bxg7 Kxg7 14.Qd4+ f6 15.O-O-O d6
16.h4 Qd7 17.f3 Rac8 18.e5 fxe5 19.Qxe5+ Rf6 20.Rhe1 Kf7 21.h5 Rf5 22.hxg6+ hxg6
23.Qd4 Rh5 24.g4 Rh3 25.Qf4+ Kg7 26.Qg5 Kf7 27.Nd5 Bxd5 28.Qxd5+ e6 29.Qe4 Rch8
30.Qf4+ Ke7 31.Re4 Rh1 32.Qg5+ Ke8 33.Qxg6+ Ke7 34.Ree1 R1h6 35.Qg5+ Kf7
36.Qd2 Ke7 37.g5 Rh2 38.Qf4 R2h7 39.Qf6+ Ke8 40.Rxe6+  1-0

[Event "BEL-ch"]
[Site "Geel"]
[Date "1996.??.??"]
[Round "8"]
[White "Ahn, Martin"]
[Black "Vandevoort, Pascal"]
[Result "1/2-1/2"]
[WhiteElo "2320"]
[BlackElo "2275"]

1.e4 c5 2.Nf3 Nc6 3.Nc3 d6 4.d4 cxd4 5.Nxd4 Nf6 6.Be3 e5 7.Nf3 Be7 8.Bc4 O-O
9.O-O Be6 10.Qe2 Nxe4 11.Nxe4 Bxc4 12.Qxc4 d5 13.Qa4 dxe4 14.Qxe4 Qc7 15.Rad1  1/2-1/2

[Event "Geneve op"]
[Site "Geneve"]
[Date "1996.??.??"]
[Round "9"]
[White "Berrig, Olav"]
[Black "Belaz, Christian"]
[Result "1/2-1/2"]
[WhiteElo "2020"]
[BlackElo "2095"]

1.e4 c5 2.Nf3 Nc6 3.Nc3 g6 4.g3 Bg7 5.Bg2 e6 6.O-O Nge7 7.d3 d6 8.Be3 Nd4
9.Qd2 O-O 10.Bh6 Rb8 11.Bxg7 Kxg7 12.Nxd4 cxd4 13.Ne2 e5 14.f4 f5 15.fxe5 dxe5
16.Rf2 Qb6 17.Qg5  1/2-1/2